01603agaaa2200325 45000010005000000030009000050050017000140070009000310080040000400400023000800410013001031000053001161300039001692450126002082500022003342600097003563000033004535080035004865110040005215200137005615380016006985460013007146500079007277000068008067000067008747000065009419420012010069990019010189520240010375045IT-RoPAU20220918181228.0d cvaizq50131s9999||||xx ||| | || ||und|| aIT-RoPAUcIT-RoPAU aITALIANO aVidau EnricogCodice regista SPICS: 20684939443 aMONTFORT: FOLLE O SAPIENTE?939444 aMONTFORT: FOLLE O SAPIENTE?cDiretto da: Vidau EnricopMONTFORT: FOLLE O SAPIENTE? (Rif. Codice opera principale : B5045) aEdizione Standard aROMA (ITALIA)bCENTRO MARIANO MONFORTANO / g"1992 (1° ed.: 1992 ; Ed. Lingua Orig.: 1992)" aVHSbsonoro, col.c50 minuti a"Musica: Daminelli Giuseppe; " a"Narratore:; Adriano; Dalle; Pezze" aREALIZZATO IN OCCASIONE DEL 150[ ANNIVERSARIO DEL RINVENIMENTO DEL TRATTATO DELLA VERA DEVOZIONE A MARIA DI SAN LUIGI MARIA MONTFORT aPAL, STEREO aITALIANO aRELIGIOSOeTV-PROGRAMMI RELIGIOSI [VHS]xCodice MATERIA SPICS: 9963939445 aDaminelli Giuseppee(musica)gCodice Musica SPICS: 38218939446 aEpis Santino e(soggetto)gCodice Soggetto SPICS: 38217939447 aVidau Enrico e(regista)gCodice regista SPICS: 20684939448 cVH2ddc c105096d105096 0010406B_5045_00000000000000071aSPICSbSPICSd2015-01-31l0oB5045r2015-01-31 00:00:00w2015-01-31yVHzProgr. Ins.: 192 / N.Vol.:1 / Copie: 1 / Pag.:0 / Copia rara: n.d. / date import: 1.2.2015 / By Epidotti, Trombetti, Vaglietti